00565nam a22001455i 4500001000700000003000900007005001700016008004100033040002000074100004900094245011800143260006600261300002100327852007100348155164ES-MaACL20250804063428.0011121s1895 sp |||| | spa d aEXT bspa cEXT1 aHazañas y La Rúa, Joaquín, d1862-193410aDiscurso leído por Don Joaquín Hazañas y La Rua b: . .. en la solemne inauguración del curso de 1895-96. aSevilla : b[s.n.], c1895 (fImp. de Francisco de P. Díaz) a31 p. ; c21 cm. aES-MaACLjT-1427-F-14 z-- Enc. hol. z-- Enc. en un vol. facticio